|
|
|
|
| LEADER |
00000nam a2200000 a 4500 |
| 001 |
vtls011591061 |
| 003 |
SK-MaSNL |
| 005 |
20260301092942.0 |
| 008 |
251112 000 0 hun |
| 015 |
|
|
|a SNBHFA
|
| 020 |
|
|
|q (viaz.)
|
| 035 |
|
|
|a urn:nbn:sk:snk-am00csly
|
| 035 |
|
|
|a urn:nbn:sk:snk-am3hueh
|
| 035 |
|
|
|a CBBB0EE7-E2B1-4FF2-91DD-0DB0B4DB2C52
|
| 040 |
|
|
|a SNKHFA
|b slo
|c SNK
|e AACR2
|
| 041 |
0 |
|
|a hun
|a lat
|
| 072 |
|
7 |
|a 58
|x Botanika
|2 konspekt
|
| 080 |
|
|
|a 581
|2 2011
|
| 080 |
|
|
|a 582.28
|2 2011
|
| 100 |
1 |
|
|a Hollós, László,
|d 1859-1940
|4 aut
|9 424560
|
| 245 |
1 |
0 |
|a Új Lycoperdon-fajok Magyarország gombaflórájában
|c Dr. Hollós László
|
| 260 |
|
|
|a [b.m.]
|b [b.t.]
|c [b.r.]
|
| 300 |
|
|
|a [1], s. 140-141
|c 23 cm
|
| 501 |
|
|
|a Príväzok 53. k: BUBÁK, Fr. O rezích, které cizopasí na některých Rubiaceích. V Praze: Král Česká společnost náuk, 1898.
|5 SNK IC 143030
|
| 525 |
|
|
|a Különlenyomat A Természettudományi Közlöny XLVII-Ik Pótfüzetéböl
|
| 561 |
|
|
|a Okrúhla pečiatka: Museálna slovenská spoločnosť.
|5 SNK IC 143030
|
| 650 |
0 |
7 |
|a botanika
|2 SNKPH
|9 688
|
| 650 |
0 |
7 |
|a flóra
|2 SNKPH
|9 85117
|
| 650 |
0 |
7 |
|a huby
|2 SNKPH
|9 3562
|
| 700 |
1 |
|
|a Kmeť, Andrej,
|d 1841-1908
|4 fmo
|9 191981
|
| 770 |
0 |
|
|a A Természettudományi Közlöny
|
| 852 |
|
|
|a snk
|b Historické fondy
|p IC 143030
|
| 958 |
|
|
|a ONDV
|
| 999 |
|
|
|c 675615
|d 677545
|
| 952 |
|
|
|t Kme X/848/a
|a SNK
|b SNK
|c SNK_HF
|y PREZ
|7 0
|p 17A1129297
|o snkIC 143030/prív.53
|i snk2016/25214
|8 5
|0 0
|1 0
|4 0
|d 2016-11-07
|f 1
|l 0
|r 2026-02-23 19:40:35
|w 2026-02-23
|